| 000 | 00638nam a22001817a 4500 | ||
|---|---|---|---|
| 999 |
_c185771 _d185771 |
||
| 005 | 20220209121558.0 | ||
| 010 | _aENG-131476 | ||
| 020 |
_a978-93-5396-743-7 _c700.00 |
||
| 035 | _aEN-115008 | ||
| 037 | _bDBAD | ||
| 082 | _a833.914 | ||
| 100 | _aSarkar, Dilip Kumar | ||
| 245 |
_aNobel Prize For Literature/ _cDilip Kumar Sarkar |
||
| 260 |
_aKolkata _bPrincipal Dilip Kumar Sarkar _c2020 |
||
| 270 |
_aC-4/2, "triparna".39A Gobinda Auddy Road _bKolkata _e700027 _k9433300241 _mdilipsar@gmail.com |
||
| 300 |
_a784 p. _c21cm(pbk) _bBibliography, List of Nobel Laureates in Literature |
||
| 942 |
_2ddc _cEN _h833.914 _mSAR |
||